ශ්‍රී ලංකාවේ ස්ත්‍රීන් ඡන්ද බලයට කළ සටන (Record no. 4412)

MARC details
000 -LEADER
fixed length control field 00739nam a2200205 4500
003 - CONTROL NUMBER IDENTIFIER
control field LK-CoMWRAF
005 - DATE AND TIME OF LATEST TRANSACTION
control field 20240118111811.0
008 - FIXED-LENGTH DATA ELEMENTS--GENERAL INFORMATION
fixed length control field 231213b |||||||| |||| 00| 0 eng d
020 ## - INTERNATIONAL STANDARD BOOK NUMBER
International Standard Book Number 955910246X
040 ## - CATALOGING SOURCE
Original cataloging agency LK-CoMWRAF
Modifying agency LK-CoMWRAF
Description conventions LK-CoMWRAF
041 ## - LANGUAGE CODE
Language code of text/sound track or separate title Sinhala; Sinhalese
082 ## - DEWEY DECIMAL CLASSIFICATION NUMBER
Classification number 324.62
Item number ALW
942 ## - ADDED ENTRY ELEMENTS (KOHA)
Koha item type Books
100 ## - MAIN ENTRY--PERSONAL NAME
Personal name අල්විස්, මාලතී ද
110 ## - MAIN ENTRY--CORPORATE NAME
Corporate name or jurisdiction name as entry element ජයවර්ධන, කුමාරි
245 ## - TITLE STATEMENT
Title ශ්‍රී ලංකාවේ ස්ත්‍රීන් ඡන්ද බලයට කළ සටන
246 ## - VARYING FORM OF TITLE
Title proper/short title Sri lankawe sthreen chanda balayata kala satana
260 ## - PUBLICATION, DISTRIBUTION, ETC. (IMPRINT)
Place of publication, distribution, etc. කොළඹ :
Name of publisher, distributor, etc. සමාජ ව්ද්‍යාඥයින්ගේ සංගමය
300 ## - PHYSICAL DESCRIPTION
Other physical details පි. 106
Holdings
Withdrawn status Lost status Damaged status Not for loan Permanent Location Current Location Date acquired Full call number Barcode Koha item type
        Resource center, Muslim Women's Research And Action Forum Resource center, Muslim Women's Research And Action Forum 2023-12-13 324.62 ALW RAF3491 Books
        Resource center, Muslim Women's Research And Action Forum Resource center, Muslim Women's Research And Action Forum 2023-12-13 324.62 ALW RAF3492 Books
        Resource center, Muslim Women's Research And Action Forum Resource center, Muslim Women's Research And Action Forum 2023-12-14 324.62 ALW RAF4847 Books

Copyright © 2023 Muslim Women's Research and Action Forum (MWRAF), No 27/3, Anderson Road, Kalubowila, Dehiwela. Funded by The Asia Fundation